01398nam a2200325 a 4500001001000000003000500010005001700015008004100032010001100073011001100084040000900095090001000104100004300114245021000157260004100367500006000408502011200468590004000580590004000620590004000660650004400700650002600744650006000770856007000830901000700900942001000907942000600917999001900923952013000942000114736CHAP20220329144455.0180403s2018 mx sm |||||||spa d a111197 a112169 cCHAP aTesis1 aPedroza Pedroza, Dulce María913501310aPropiedades fisicoquímicas y viscoelásticas de emulciones de distintas fracciones de grasa láctea estabilizadas con complejos biopoliméricos solublesh[En línea]cpor Dulce Maria Pedroza Pedroza. aChapingo, Méx. :bEl autor,c2018. aPara ver el contenido del material haga clic en la liga aTesis (M.C. en Ciencia y Tecnología Agroalimentaria) -- UACH. Departamento de Ingeniería Agroindustrial aE6339RRRb00c20180403lUCH01h1200 aE6339RRRb05c20180403lUCH01h1159 aE6339RRRb05c20180403lUCH01h120114aGrasas y aceites en nutrición.95045414aLechexGrasas.96537514aProteínas de suero de lechexAprovechamiento.9134725 aFinding aiduhttp://10.13.5.2/tesis/sist114736.pdfzTeclea aquí aBK cLIBRO n0 c111197d111197 00102local4051708TESISaBCbBCcPA_TESISd2018-04-03fTESISl0oTesisp114736-10r2019-12-31 00:00:00w2019-12-31yTESIS